000 00338nam a22001337a 4500
020 _qHB.
040 _cFIZZA ISHAQ
082 _a813.54
_bSTE
100 _aBRAUN,STEPHEN.
_9133666
245 _aMERCHANT OF DEATH /
_cSTEPHEN BRAUN.
260 _aNEW YORK ;
_bJOHN WILEY & SONS,
_c2007.
300 _a308 P. ;
_c9.4X6.1IN
942 _2ddc
_cBK
999 _c616629
_d616629